Saltar al contenido
Inicio
Centros participantes
Catálogo
Servicios
Contacto
כניסה לחשבון
English
Deutsch
Español
Français
Italiano
日本語
Nederlands
Português
Português (Brasil)
中文(简体)
中文(繁體)
Türkçe
עברית
Gaeilge
Cymraeg
Ελληνικά
Català
Euskara
Русский
Čeština
Suomi
Svenska
polski
Dansk
slovenščina
اللغة العربية
বাংলা
Galego
Tiếng Việt
Hrvatski
हिंदी
Հայերէն
Українська
Sámegiella
שפה
כל השדות
כותר
מחבר
נושא
סימן המיקום
ISBN/ISSN
תג
מצא
מתקדם
Identidades sociales en Guatem...
יצירת מראה מקום
שלח את זה
הדפסה
יצוא רשומה
יצוא אל RefWorks
יצוא אל EndNoteWeb
יצוא אל EndNote
הוספה למועדפים
Enlace Permanente
Agregar primera valuación
Identidades sociales en Guatemala /
שמור ב:
מידע ביבליוגרפי
מחבר ראשי:
Pedroni, Guillermo
Autores Corporativos:
FLACSO (Guatemala)
,
CSUCA
מחברים אחרים:
Solares, Jorge
פורמט:
Texto
יצא לאור:
Guatemala:
FLACSO
תגים:
הוספת תג
אין תגיות, היה/י הראשונ/ה לתייג את הרשומה!
מלאי ספרים
תיאור
הערות
פריטים דומים
תצוגת צוות
MARC
LEADER
00000 a a2200000 04500
001
22738
003
040
090
|a
156200
100
|a
Pedroni, Guillermo
110
|a
FLACSO (Guatemala)
245
|a
Identidades sociales en Guatemala /
|c
FLACSO (Guatemala)
260
|a
Guatemala:
|b
FLACSO
300
|a
32 p
700
|a
Solares, Jorge
710
|a
CSUCA
999
|c
16305
|d
16305
פריטים דומים
Proyecto regional: identidades
מאת: Gaínza, Gastón
Algunas reflexiones sobre el uso del concepto "identidad" en psicología
מאת: Dobles Oropeza, Ignacio
Reflexiones sobre la relación entre identidad e historia
מאת: Cuevas Molina, Rafael
Apuntes sobre la identidad nacional de los costarricenses /
מאת: Camacho Nassar, Carlos
Riesgos asociados al uso de plaguicidas en Guatemala /
מאת: Arrega Nowell, Heriberto